[Event "10. Torneo IRT Mostoles 2019"]
[Site "Móstoles ESP"]
[Date "2019.07.19"]
[Round "2.4"]
[White "De La Fuente Gonzalez, Francisco"]
[Black "Camarero Izquierdo, Juan Carlos"]
[Result "1/2-1/2"]
[WhiteElo "2196"]
[BlackElo "1801"]
[PlyCount "85"]
[EventDate "2019.07.18"]
[EventType "swiss"]
[EventRounds "9"]
[EventCountry "ESP"]
[SourceTitle "Ajedrez en Madrid"]
[Source "lmi"]
[SourceDate "2019.07.18"]
[SourceVersion "1"]
[SourceVersionDate "2019.07.28"]
[SourceQuality "1"]

1. Nf3 d5 2. d4 e6 3. c4 c6 4. e3 f5 5. Be2 Nf6 6. O-O Bd6 7. Ne5 O-O 8. b3 Ne4
9. f3 Ng5 10. Ba3 Rf6 11. Bxd6 Qxd6 12. Nc3 Nd7 13. c5 Nxc5 14. h4 Nf7 15. Nxf7
Rxf7 16. dxc5 Qxc5 17. Qd4 Qe7 18. g3 e5 19. Qd2 f4 20. Nxd5 cxd5 21. Qxd5 Kh8
22. Bc4 Rf8 23. exf4 exf4 24. Rfe1 Qf6 25. Qe5 Qb6+ 26. Kg2 fxg3 27. Qxg3 Bf5
28. Rad1 Rf6 29. h5 Qc5 30. Rd5 Qf8 31. Bd3 Bxd3 32. Rxd3 h6 33. Re5 Rd8 34.
Rxd8 Qxd8 35. Qe1 Rf8 36. Qe3 b6 37. Re7 a5 38. Re5 Qf6 39. a4 Rc8 40. Re8+
Rxe8 41. Qxe8+ Kh7 42. Qe4+ Kh8 43. Qe8+ 1/2-1/2

[Event "10. Torneo IRT Mostoles 2019"]
[Site "Móstoles ESP"]
[Date "2019.07.19"]
[Round "2.5"]
[White "Martin Diaz, Juan"]
[Black "Garcia Diaz, Victor"]
[Result "0-1"]
[WhiteElo "1762"]
[BlackElo "2160"]
[PlyCount "108"]
[EventDate "2019.07.18"]
[EventType "swiss"]
[EventRounds "9"]
[EventCountry "ESP"]
[SourceTitle "Ajedrez en Madrid"]
[Source "lmi"]
[SourceDate "2019.07.18"]
[SourceVersion "1"]
[SourceVersionDate "2019.07.28"]
[SourceQuality "1"]

1. d4 Nf6 2. Bf4 e6 3. e3 c5 4. c3 Nc6 5. Nd2 d5 6. Bd3 Be7 7. Ngf3 O-O 8. Ne5
Re8 9. Qf3 cxd4 10. exd4 Nxe5 11. Bxe5 Bd6 12. Qh3 h6 13. Nf3 Ne4 14. Qh5 Nf6
15. Qh4 Bxe5 16. Nxe5 Nd7 17. Qxd8 Rxd8 18. f4 f6 19. Nf3 a6 20. Kf2 Nf8 21.
Rhe1 Bd7 22. Rac1 b5 23. Rc2 Rac8 24. Rec1 Be8 25. b3 Bg6 26. Ke3 Kf7 27. c4
Bxd3 28. Kxd3 dxc4+ 29. bxc4 b4 30. c5 Rc6 31. Kc4 Rb8 32. Rb2 a5 33. a3 g5 34.
fxg5 hxg5 35. axb4 axb4 36. Rxb4 Rbc8 37. Rb5 Nd7 38. Ra1 R8c7 39. Raa5 g4 40.
Nd2 e5 41. Nb3 Nb6+ 42. Kd3 Nd5 43. g3 e4+ 44. Kxe4 Nc3+ 45. Kf4 Nxb5 46. Rxb5
Ke6 47. Kxg4 Kd5 48. Rb4 Ke4 49. h4 f5+ 50. Kh3 Rg7 51. Nd2+ Ke3 52. Nb3 Rcg6
53. h5 Rxg3+ 54. Kh2 R3g5 0-1

[Event "10. Torneo IRT Mostoles 2019"]
[Site "Móstoles ESP"]
[Date "2019.07.19"]
[Round "2.6"]
[White "Sanchez Garcia, Aurelio"]
[Black "Contreras Donoso, Juan Francisco"]
[Result "1-0"]
[WhiteElo "2011"]
[BlackElo "1766"]
[PlyCount "45"]
[EventDate "2019.07.18"]
[EventType "swiss"]
[EventRounds "9"]
[EventCountry "ESP"]
[SourceTitle "Ajedrez en Madrid"]
[Source "lmi"]
[SourceDate "2019.07.18"]
[SourceVersion "1"]
[SourceVersionDate "2019.07.28"]
[SourceQuality "1"]

1. Nf3 d5 2. e3 Nf6 3. c4 c5 4. cxd5 Nxd5 5. Nc3 Nc6 6. Bb5 Nxc3 7. bxc3 Bd7 8.
O-O e6 9. d4 a6 10. Bd3 Be7 11. e4 b5 12. d5 Na5 13. Bc2 exd5 14. exd5 Bg4 15.
Qd3 Bxf3 16. gxf3 Qd6 17. Re1 Nc4 18. Bg5 Ra7 19. a4 f6 20. axb5 Ne5 21. Qe4
Rd7 22. bxa6 Kf7 23. f4 1-0

[Event "10. Torneo IRT Mostoles 2019"]
[Site "Móstoles ESP"]
[Date "2019.07.19"]
[Round "2.7"]
[White "Centeno Mendoza, Julio Stefano"]
[Black "Rebollo Palos, Isaac"]
[Result "0-1"]
[WhiteElo "1725"]
[BlackElo "1869"]
[PlyCount "104"]
[EventDate "2019.07.18"]
[EventType "swiss"]
[EventRounds "9"]
[EventCountry "ESP"]
[SourceTitle "Ajedrez en Madrid"]
[Source "lmi"]
[SourceDate "2019.07.18"]
[SourceVersion "1"]
[SourceVersionDate "2019.07.28"]
[SourceQuality "1"]

1. e4 e5 2. Nf3 Nc6 3. Bc4 Bc5 4. b4 Bb6 5. a4 a6 6. Nc3 Nf6 7. O-O d6 8. d3
Nxb4 9. Bg5 h6 10. Bh4 Be6 11. a5 Bc5 12. Bxe6 fxe6 13. d4 exd4 14. Nxd4 Bxd4
15. Qxd4 Nc6 16. Qc4 Qd7 17. Qb3 O-O 18. f4 Kh8 19. Bxf6 Rxf6 20. Qxb7 Rff8 21.
Qb3 Nd4 22. Qa2 Qc6 23. Nd1 Qxe4 24. c3 Ne2+ 25. Kh1 Nxf4 26. Rb1 Ne2 27. Nf2
Rxf2 28. Rxf2 Nxc3 29. Rc1 Nxa2 30. Rxa2 Rb8 31. Raa1 Rb2 32. Rg1 h5 33. h3 c5
34. Rad1 d5 35. Rde1 Re2 36. Rc1 c4 37. Rcd1 d4 38. Kh2 h4 39. Rc1 c3 40. Rcd1
e5 41. Rc1 Rxg2+ 42. Rxg2 Qf4+ 43. Kh1 Qxc1+ 44. Rg1 Qxg1+ 45. Kxg1 c2 46. Kh2
c1=Q 47. Kg2 Qc2+ 48. Kg1 Qd2 49. Kf1 d3 50. Kg1 Qe2 51. Kh1 d2 52. Kg1 d1=R#
0-1

[Event "10. Torneo IRT Mostoles 2019"]
[Site "Móstoles ESP"]
[Date "2019.07.19"]
[Round "2.8"]
[White "Largo Barbero, Benito"]
[Black "Lopez Orellana, Federico"]
[Result "1/2-1/2"]
[WhiteElo "1867"]
[BlackElo "1752"]
[PlyCount "28"]
[EventDate "2019.07.18"]
[EventType "swiss"]
[EventRounds "9"]
[EventCountry "ESP"]
[SourceTitle "Ajedrez en Madrid"]
[Source "lmi"]
[SourceDate "2019.07.18"]
[SourceVersion "1"]
[SourceVersionDate "2019.07.28"]
[SourceQuality "1"]

1. e4 e5 2. Nf3 Nc6 3. Bb5 a6 4. Ba4 Nf6 5. d3 b5 6. Bb3 Be7 7. O-O d6 8. c3
O-O 9. h3 Nb8 10. Be3 Bb7 11. Nbd2 Nbd7 12. Rc1 Re8 13. Bc2 c5 14. Qe2 Bf8
1/2-1/2

[Event "10. Torneo IRT Mostoles 2019"]
[Site "Móstoles ESP"]
[Date "2019.07.19"]
[Round "2.9"]
[White "Poceiro Solino, Juan Octavio"]
[Black "Gonzalez Pinar, Adrian"]
[Result "0-1"]
[WhiteElo "1715"]
[BlackElo "1866"]
[PlyCount "60"]
[EventDate "2019.07.18"]
[EventType "swiss"]
[EventRounds "9"]
[EventCountry "ESP"]
[SourceTitle "Ajedrez en Madrid"]
[Source "lmi"]
[SourceDate "2019.07.18"]
[SourceVersion "1"]
[SourceVersionDate "2019.07.28"]
[SourceQuality "1"]

1. e4 e6 2. d3 d5 3. Nd2 c5 4. g3 Nc6 5. Bg2 g6 6. Ngf3 Bg7 7. O-O Nge7 8. Re1
O-O 9. c3 b6 10. e5 Qc7 11. d4 cxd4 12. cxd4 Nb4 13. Re3 Qc2 14. Qe1 Nd3 15.
Qf1 Ba6 16. Ne1 Nxe1 17. Qxa6 Nxg2 18. Rc3 Qd1+ 19. Kxg2 Nf5 20. Nb3 Qh5 21.
Bd2 f6 22. Rac1 fxe5 23. Rc8 exd4 24. Bb4 Nh4+ 25. gxh4 Qf3+ 26. Kg1 Qxf2+ 27.
Kh1 Be5 28. R1c2 Qf3+ 29. Kg1 Raxc8 30. Qxc8 Qf1# 0-1

[Event "10. Torneo IRT Mostoles 2019"]
[Site "Móstoles ESP"]
[Date "2019.07.19"]
[Round "2.10"]
[White "Sotoca Aguado, Jose"]
[Black "Raya Rodriguez, Juan"]
[Result "1-0"]
[WhiteElo "1865"]
[BlackElo "1730"]
[PlyCount "75"]
[EventDate "2019.07.18"]
[EventType "swiss"]
[EventRounds "9"]
[EventCountry "ESP"]
[SourceTitle "Ajedrez en Madrid"]
[Source "lmi"]
[SourceDate "2019.07.18"]
[SourceVersion "1"]
[SourceVersionDate "2019.07.28"]
[SourceQuality "1"]

1. e4 c5 2. Nf3 d6 3. d4 cxd4 4. Nxd4 Nf6 5. Nc3 g6 6. Be3 Bg7 7. f3 O-O 8. Qd2
Nc6 9. Bc4 Bd7 10. O-O-O Rc8 11. Bb3 Ne5 12. h4 h5 13. Kb1 Re8 14. Nde2 Nc4 15.
Bxc4 Rxc4 16. Rhg1 b5 17. Nf4 b4 18. Ncd5 Qb8 19. Nxf6+ Bxf6 20. Nd5 Bg7 21. b3
Rcc8 22. Bd4 Bxd4 23. Qxd4 a5 24. g4 hxg4 25. fxg4 Rc5 26. h5 Rxd5 27. exd5 g5
28. Qe3 f6 29. Qe4 Kh8 30. Qg6 Rf8 31. h6 Rg8 32. Qe4 Qd8 33. Rde1 Re8 34. Qg6
Rg8 35. Qf7 e5 36. dxe6 Be8 37. Qa7 Qc8 38. Qd4 1-0

[Event "10. Torneo IRT Mostoles 2019"]
[Site "Móstoles ESP"]
[Date "2019.07.19"]
[Round "2.11"]
[White "Longa Yauca, Javier"]
[Black "Huerto Moreno, Jorge"]
[Result "1-0"]
[WhiteElo "2261"]
[BlackElo "1704"]
[PlyCount "81"]
[EventDate "2019.07.18"]
[EventType "swiss"]
[EventRounds "9"]
[EventCountry "ESP"]
[SourceTitle "Ajedrez en Madrid"]
[Source "lmi"]
[SourceDate "2019.07.18"]
[SourceVersion "1"]
[SourceVersionDate "2019.07.28"]
[SourceQuality "1"]

1. c4 e5 2. Nc3 Nf6 3. d3 Bc5 4. g3 Nc6 5. Bg2 d6 6. e3 h5 7. h3 Bf5 8. a3 a5
9. Nge2 Qd7 10. d4 Ba7 11. d5 Ne7 12. b4 Bb6 13. Bb2 O-O 14. Rc1 axb4 15. axb4
c6 16. e4 Bg6 17. Qb3 c5 18. b5 Nh7 19. g4 hxg4 20. hxg4 Qxg4 21. Ng3 Ng5 22.
Nce2 Ba5+ 23. Bc3 Bxe4 24. Bxe4 Nxe4 25. Bxa5 Nxg3 26. Qxg3 Qxg3 27. Nxg3 Rxa5
28. Ne4 Nf5 29. Rh5 g6 30. Rxf5 gxf5 31. Nxd6 b6 32. Nxf5 f6 33. Ke2 Kf7 34.
Rg1 Rg8 35. Nh6+ Ke7 36. Rxg8 Ra2+ 37. Ke3 Ra3+ 38. Ke4 Rc3 39. Rg7+ Kd8 40. d6
Rxc4+ 41. Kd5 1-0

[Event "10. Torneo IRT Mostoles 2019"]
[Site "Móstoles ESP"]
[Date "2019.07.19"]
[Round "2.12"]
[White "Jimenez Gallego, Rafael"]
[Black "Cujba, Anca-Claudia"]
[Result "0-1"]
[WhiteElo "1389"]
[BlackElo "1620"]
[PlyCount "104"]
[EventDate "2019.07.18"]
[EventType "swiss"]
[EventRounds "9"]
[EventCountry "ESP"]
[SourceTitle "Ajedrez en Madrid"]
[Source "lmi"]
[SourceDate "2019.07.18"]
[SourceVersion "1"]
[SourceVersionDate "2019.07.28"]
[SourceQuality "1"]

1. e4 b6 2. Nf3 Bb7 3. Nc3 e6 4. a3 Nf6 5. d3 d5 6. e5 Nfd7 7. d4 c5 8. dxc5
bxc5 9. Bf4 a6 10. Be2 Nc6 11. O-O h6 12. Re1 g5 13. Bg3 Bg7 14. Bf1 O-O 15. h3
Re8 16. Qd2 Qc7 17. Rad1 Ncxe5 18. Nxe5 Bxe5 19. Bxe5 Nxe5 20. Qe2 Ng6 21. g3
Ne7 22. Qh5 Kg7 23. h4 gxh4 24. Qxh4 Nf5 25. Qg4+ Kh8 26. Bd3 Ne7 27. Qh5 Ng8
28. g4 Qf4 29. Qe5+ Qxe5 30. Rxe5 c4 31. Bf1 Nf6 32. f3 Nd7 33. Rh5 Kg7 34. Ne4
Nb6 35. Nd6 Re7 36. Nxb7 Rxb7 37. Bg2 Na4 38. Kf2 Rxb2 39. Rdh1 Rxc2+ 40. Kg3
Rh8 41. g5 Nc3 42. gxh6+ Kf6 43. R1h2 Ne2+ 44. Kg4 Kg6 45. f4 f5+ 46. Kf3 Nd4+
47. Kg3 Rc3+ 48. Kf2 Rxa3 49. Rg5+ Kf6 50. h7 Kf7 51. Rh6 c3 52. Rgg6 Rxh7 0-1

[Event "10. Torneo IRT Mostoles 2019"]
[Site "Móstoles ESP"]
[Date "2019.07.19"]
[Round "2.13"]
[White "Olmedo Alvarez, Jesus"]
[Black "Fernandez Lopez, Jaime"]
[Result "0-1"]
[WhiteElo "1377"]
[BlackElo "1676"]
[PlyCount "81"]
[EventDate "2019.07.18"]
[EventType "swiss"]
[EventRounds "9"]
[EventCountry "ESP"]
[SourceTitle "Ajedrez en Madrid"]
[Source "lmi"]
[SourceDate "2019.07.18"]
[SourceVersion "1"]
[SourceVersionDate "2019.07.28"]
[SourceQuality "1"]

1. e4 d6 2. Nf3 g6 3. d3 Bg7 4. g3 c5 5. Bg2 Nc6 6. Nbd2 e6 7. O-O Nge7 8. Re1
O-O 9. Nf1 b5 10. c3 Bb7 11. h4 d5 12. e5 d4 13. N1h2 Qd7 14. Bg5 dxc3 15. bxc3
h6 16. Bf6 Nd5 17. Bxg7 Kxg7 18. Qd2 Rad8 19. Ng4 Rh8 20. Rad1 h5 21. Ngh2 b4
22. c4 Nc3 23. Qg5 Qe7 24. Rd2 Qxg5 25. Nxg5 Rd7 26. Ne4 Nxe4 27. Bxe4 Rhd8 28.
Re3 Na5 29. Bxb7 Rxb7 30. Nf3 Rbd7 31. Re4 Rxd3 32. Rxd3 Rxd3 33. Kg2 Rc3 34.
Nd2 Ra3 35. Nb3 Nxb3 36. axb3 Rxb3 37. Kf1 a5 38. Ke1 a4 39. Kd2 a3 40. Re3
Rxe3 41. fxe3 0-1

[Event "10. Torneo IRT Mostoles 2019"]
[Site "Móstoles ESP"]
[Date "2019.07.19"]
[Round "2.14"]
[White "Candela Martin, Alvaro"]
[Black "Olmedo Alvarez, Marcos"]
[Result "1-0"]
[WhiteElo "1631"]
[BlackElo "1357"]
[PlyCount "63"]
[EventDate "2019.07.18"]
[EventType "swiss"]
[EventRounds "9"]
[EventCountry "ESP"]
[SourceTitle "Ajedrez en Madrid"]
[Source "lmi"]
[SourceDate "2019.07.18"]
[SourceVersion "1"]
[SourceVersionDate "2019.07.28"]
[SourceQuality "1"]

1. e4 e5 2. Nf3 Nc6 3. Bc4 Nf6 4. Ng5 Bc5 5. Bxf7+ Ke7 6. Bd5 h6 7. Nf7 Qf8 8.
Nxh8 Bxf2+ 9. Kf1 Qxh8 10. Kxf2 Nxd5 11. exd5 Qf8+ 12. Qf3 Qxf3+ 13. gxf3 Nd4
14. Na3 d6 15. c3 Nf5 16. Nc2 Bd7 17. d3 Rf8 18. Ke2 c5 19. Be3 Nh4 20. Rhf1 e4
21. dxe4 Bb5+ 22. Kf2 Rxf3+ 23. Kg1 Bxf1 24. Rxf1 Rh3 25. Bf4 Ng6 26. Bg3 Rh5
27. Ne3 Kd8 28. Nf5 Rg5 29. Nxd6 Ne5 30. Nxb7+ Kc7 31. Nxc5 Kb6 32. Ne6 1-0

[Event "10. Torneo IRT Mostoles 2019"]
[Site "Móstoles ESP"]
[Date "2019.07.19"]
[Round "2.15"]
[White "Ghavami, Mahmoud"]
[Black "Fernandez Rodriguez, Diego"]
[Result "1/2-1/2"]
[WhiteElo "1583"]
[BlackElo "1208"]
[PlyCount "115"]
[EventDate "2019.07.18"]
[EventType "swiss"]
[EventRounds "9"]
[EventCountry "ESP"]
[SourceTitle "Ajedrez en Madrid"]
[Source "lmi"]
[SourceDate "2019.07.18"]
[SourceVersion "1"]
[SourceVersionDate "2019.07.28"]
[SourceQuality "1"]

1. d4 d5 2. c4 Bf5 3. Nc3 e6 4. Nf3 c5 5. Bg5 Nf6 6. cxd5 exd5 7. Qb3 b6 8.
Bxf6 Qxf6 9. Qxd5 Nc6 10. Nb5 Rc8 11. Ne5 cxd4 12. Nxc6 Qxc6 13. Qxc6+ Rxc6 14.
Nxd4 Bb4+ 15. Kd1 Rd6 16. e3 Bc5 17. Bb5+ Bd7 18. Bxd7+ Rxd7 19. Rc1 O-O 20.
Rc2 Bxd4 21. exd4 Rxd4+ 22. Rd2 Rxd2+ 23. Kxd2 Rd8+ 24. Kc2 f6 25. Re1 Kf7 26.
Re2 Re8 27. Rd2 Ke7 28. Kb3 Ke6 29. Kc4 Re7 30. Kb5 Rc7 31. h3 Kf5 32. b4 Ke6
33. a4 g6 34. Rd8 h5 35. a5 Rc2 36. axb6 axb6 37. Kxb6 Rxf2 38. Rd3 Rxg2 39.
Rb3 Rc2 40. Kb7 f5 41. b5 g5 42. Kb8 Kd7 43. b6 f4 44. b7 g4 45. hxg4 hxg4 46.
Rb4 g3 47. Rd4+ Kc6 48. Rxf4 Rb2 49. Rc4+ Kd5 50. Rc1 Ke4 51. Kc7 g2 52. b8=Q
Rxb8 53. Kxb8 Kf3 54. Rc3+ Kf2 55. Rc2+ Kg1 56. Rc8 Kh2 57. Rh8+ Kg3 58. Kc7
1/2-1/2

[Event "10. Torneo IRT Mostoles 2019"]
[Site "Móstoles ESP"]
[Date "2019.07.19"]
[Round "2.16"]
[White "Olmedo Aznar, Mario"]
[Black "Rubio Gonzalez, Beltran"]
[Result "0-1"]
[WhiteElo "1163"]
[BlackElo "1576"]
[PlyCount "76"]
[EventDate "2019.07.18"]
[EventType "swiss"]
[EventRounds "9"]
[EventCountry "ESP"]
[SourceTitle "Ajedrez en Madrid"]
[Source "lmi"]
[SourceDate "2019.07.18"]
[SourceVersion "1"]
[SourceVersionDate "2019.07.28"]
[SourceQuality "1"]

1. e4 e5 2. Nf3 Nc6 3. Bc4 Nf6 4. d3 Be7 5. Bg5 d6 6. h3 O-O 7. O-O Na5 8. Nbd2
Nxc4 9. Nxc4 Ne8 10. Bxe7 Qxe7 11. c3 f5 12. Qb3 Kh8 13. Qa3 Qf7 14. Ncd2 fxe4
15. dxe4 Nf6 16. Rfe1 Nh5 17. Qb3 Qe7 18. Qd1 Nf4 19. Rf1 Rf6 20. Kh2 Rh6 21.
Ng1 Qg5 22. Qf3 Be6 23. a3 Rf8 24. g3 Ng6 25. Qe2 Bg4 26. f3 Be6 27. Qf2 b6 28.
Rad1 Qe7 29. Qe3 Qd7 30. Qe2 Bxh3 31. Nxh3 Qxh3+ 32. Kg1 Qh1+ 33. Kf2 Rh2+ 34.
Ke1 Rxe2+ 35. Kxe2 Qg2+ 36. Rf2 Qxg3 37. Nf1 Nf4+ 38. Ke3 Qg5 0-1

[Event "10. Torneo IRT Mostoles 2019"]
[Site "Móstoles ESP"]
[Date "2019.07.19"]
[Round "2.17"]
[White "Rios Gil, Sergio"]
[Black "Aznar Gonzalez, Monica"]
[Result "1-0"]
[WhiteElo "1575"]
[BlackElo "1154"]
[PlyCount "58"]
[EventDate "2019.07.18"]
[EventType "swiss"]
[EventRounds "9"]
[EventCountry "ESP"]
[SourceTitle "Ajedrez en Madrid"]
[Source "lmi"]
[SourceDate "2019.07.18"]
[SourceVersion "1"]
[SourceVersionDate "2019.07.28"]
[SourceQuality "1"]

1. e4 e6 2. d4 d5 3. Nd2 c5 4. Ngf3 Nc6 5. c3 Qb6 6. Bd3 c4 7. Bb1 Be7 8. O-O
Qc7 9. exd5 exd5 10. Re1 Be6 11. Nf1 O-O-O 12. Ng5 Bxg5 13. Bxg5 Nf6 14. Bxf6
gxf6 15. Qf3 Qe7 16. Bf5 Rd6 17. Ne3 Nd8 18. Nxd5 Rxd5 19. Qxd5 Kb8 20. Qxc4
Qd7 21. Bxe6 fxe6 22. Re3 Re8 23. Rae1 b5 24. Qd3 e5 25. dxe5 Qxd3 26. Rxd3 Nf7
27. e6 Ne5 28. Rde3 Rxe6 29. f4 Nd3 1-0

[Event "10. Torneo IRT Mostoles 2019"]
[Site "Móstoles ESP"]
[Date "2019.07.19"]
[Round "2.18"]
[White "Lopez Manso, Jeronimo"]
[Black "Tudoroiu, Adrian Eugen"]
[Result "1-0"]
[WhiteElo "1560"]
[BlackElo "1108"]
[PlyCount "45"]
[EventDate "2019.07.18"]
[EventType "swiss"]
[EventRounds "9"]
[EventCountry "ESP"]
[SourceTitle "Ajedrez en Madrid"]
[Source "lmi"]
[SourceDate "2019.07.18"]
[SourceVersion "1"]
[SourceVersionDate "2019.07.28"]
[SourceQuality "1"]

1. d4 Nf6 2. c4 g6 3. Nc3 Bg7 4. Nf3 d6 5. e4 Nbd7 6. Be3 O-O 7. h3 Re8 8. Be2
e5 9. d5 c5 10. Qd2 Nb6 11. O-O Bd7 12. a4 Nc8 13. Nh2 Ne7 14. f4 Qc7 15. fxe5
dxe5 16. Bg5 Bxh3 17. Bxf6 Bxf6 18. Rxf6 Kg7 19. Raf1 Ng8 20. Rxf7+ Kh8 21. Qg5
Qd8 22. Qxd8 Raxd8 23. gxh3 1-0

[Event "10. Torneo IRT Mostoles 2019"]
[Site "Móstoles ESP"]
[Date "2019.07.20"]
[Round "3.1"]
[White "Rebollo Palos, Isaac"]
[Black "Moreno Ruiz, Javier"]
[Result "0-1"]
[WhiteElo "1869"]
[BlackElo "2473"]
[PlyCount "44"]
[EventDate "2019.07.18"]
[EventType "swiss"]
[EventRounds "9"]
[EventCountry "ESP"]
[SourceTitle "Ajedrez en Madrid"]
[Source "lmi"]
[SourceDate "2019.07.18"]
[SourceVersion "1"]
[SourceVersionDate "2019.07.28"]
[SourceQuality "1"]

1. e4 c5 2. b3 g6 3. Bb2 Nf6 4. d3 Bg7 5. g3 d5 6. Nd2 O-O 7. Bg2 dxe4 8. dxe4
Nc6 9. Ne2 Qc7 10. Nc4 Rd8 11. Qc1 Be6 12. Ne3 Bh6 13. f4 Nd4 14. Nc3 Rac8 15.
Ncd5 Bxd5 16. exd5 g5 17. Bxd4 cxd4 18. Nf5 Qc3+ 19. Qd2 Qxa1+ 20. Kf2 Qb2 21.
Nxh6+ Kf8 22. Rc1 d3 0-1

[Event "10. Torneo IRT Mostoles 2019"]
[Site "Móstoles ESP"]
[Date "2019.07.20"]
[Round "3.2"]
[White "Candela Perez, Jose"]
[Black "Sanchez Garcia, Aurelio"]
[Result "1-0"]
[WhiteElo "2338"]
[BlackElo "2011"]
[PlyCount "93"]
[EventDate "2019.07.18"]
[EventType "swiss"]
[EventRounds "9"]
[EventCountry "ESP"]
[SourceTitle "Ajedrez en Madrid"]
[Source "lmi"]
[SourceDate "2019.07.18"]
[SourceVersion "1"]
[SourceVersionDate "2019.07.28"]
[SourceQuality "1"]

1. d4 g6 2. c4 Bg7 3. Nf3 c5 4. d5 d6 5. e4 Nf6 6. Nc3 O-O 7. h3 e6 8. Bg5 h6
9. Be3 e5 10. Qd2 Kh7 11. g4 Ne8 12. O-O-O a6 13. Rg1 b5 14. cxb5 axb5 15. Bxb5
Ba6 16. Kb1 Nd7 17. Qe2 Nc7 18. Bxa6 Rxa6 19. Nd2 Nb6 20. Nc4 Nxc4 21. Qxc4 Qa8
22. Bc1 Rb8 23. Rg3 Rb4 24. Qe2 Rab6 25. Rd2 Na6 26. a3 Rd4 27. Rc2 Nb4 28.
axb4 Ra6 29. Rd2 cxb4 30. Kc2 bxc3 31. Rxc3 Ra1 32. Rxd4 exd4 33. Rc4 Qa2 34.
f4 Qb1+ 35. Kd2 Qa2 36. Qd3 Qa5+ 37. Ke2 Qd8 38. Rc2 Qf6 39. b4 Qd8 40. b5 Qa5
41. Bd2 Qa4 42. Rc1 Ra3 43. Qc4 Qa7 44. Qc7 d3+ 45. Kf3 Qd4 46. Qxf7 Ra2 47.
Rc8 1-0

[Event "10. Torneo IRT Mostoles 2019"]
[Site "Móstoles ESP"]
[Date "2019.07.20"]
[Round "3.3"]
[White "Gago Padreny, Ignacio"]
[Black "Gonzalez Pinar, Adrian"]
[Result "1-0"]
[WhiteElo "2258"]
[BlackElo "1866"]
[PlyCount "51"]
[EventDate "2019.07.18"]
[EventType "swiss"]
[EventRounds "9"]
[EventCountry "ESP"]
[SourceTitle "Ajedrez en Madrid"]
[Source "lmi"]
[SourceDate "2019.07.18"]
[SourceVersion "1"]
[SourceVersionDate "2019.07.28"]
[SourceQuality "1"]

1. d4 e6 2. c4 Nf6 3. Nc3 Bb4 4. e3 b6 5. Nge2 c5 6. a3 Ba5 7. Rb1 Na6 8. Ng3
Bb7 9. Bd3 h5 10. O-O Bxc3 11. bxc3 Qc7 12. h4 g5 13. hxg5 h4 14. gxf6 hxg3 15.
f4 O-O-O 16. Qe1 Rdg8 17. e4 Rh4 18. Rf3 Rhg4 19. d5 e5 20. fxe5 Qxe5 21. Rf5
Qe8 22. Bh6 R8g6 23. Bg7 Qg8 24. Rh5 Rxg7 25. fxg7 Qxg7 26. Qd2 1-0

[Event "10. Torneo IRT Mostoles 2019"]
[Site "Móstoles ESP"]
[Date "2019.07.20"]
[Round "3.4"]
[White "Garcia Diaz, Victor"]
[Black "Sotoca Aguado, Jose"]
[Result "1-0"]
[WhiteElo "2160"]
[BlackElo "1865"]
[PlyCount "95"]
[EventDate "2019.07.18"]
[EventType "swiss"]
[EventRounds "9"]
[EventCountry "ESP"]
[SourceTitle "Ajedrez en Madrid"]
[Source "lmi"]
[SourceDate "2019.07.18"]
[SourceVersion "1"]
[SourceVersionDate "2019.07.28"]
[SourceQuality "1"]

1. e4 e6 2. d4 d5 3. Nc3 Bb4 4. Bd3 Nf6 5. e5 Nfd7 6. Qg4 Kf8 7. a3 Be7 8. f4
g6 9. Nf3 c5 10. O-O c4 11. Be2 a6 12. a4 Nc6 13. b3 cxb3 14. cxb3 Nb4 15. Kh1
Nb8 16. Qg3 N8c6 17. f5 exf5 18. Bh6+ Ke8 19. Rad1 Be6 20. Ng5 Bxg5 21. Bxg5
Qb6 22. Bf6 Rg8 23. Qh4 h5 24. Bf3 Rc8 25. Ne2 Kd7 26. Nf4 Na5 27. Qe1 Rc7 28.
Bg5 Rgc8 29. Nd3 Nxd3 30. Rxd3 Nc6 31. Bd2 a5 32. Be2 Nb4 33. Rc3 Qxd4 34. Bb5+
Nc6 35. Rd3 Qe4 36. Re3 Qd4 37. Bxa5 b6 38. Bc3 Qg4 39. h3 Qg5 40. Bd4 Ke7 41.
Bxb6 Rb7 42. a5 Rbb8 43. Rc3 Bd7 44. Ba6 f4 45. Bxc8 Rxc8 46. Qc1 Qf5 47. Rxf4
Qe6 48. b4 1-0

[Event "10. Torneo IRT Mostoles 2019"]
[Site "Móstoles ESP"]
[Date "2019.07.20"]
[Round "3.5"]
[White "Huerta Navarro, Eusebio"]
[Black "Longa Yauca, Javier"]
[Result "0-1"]
[WhiteElo "1739"]
[BlackElo "2261"]
[PlyCount "49"]
[EventDate "2019.07.18"]
[EventType "swiss"]
[EventRounds "9"]
[EventCountry "ESP"]
[SourceTitle "Ajedrez en Madrid"]
[Source "lmi"]
[SourceDate "2019.07.18"]
[SourceVersion "1"]
[SourceVersionDate "2019.07.28"]
[SourceQuality "1"]

1. d4 Nf6 2. c4 e6 3. Nc3 Bb4 4. Qc2 c5 5. Nf3 Nc6 6. dxc5 Bxc5 7. a3 a5 8. Bg5
a4 9. e3 Qa5 10. Bd3 h6 11. Bxf6 gxf6 12. O-O Rg8 13. Ne4 Be7 14. c5 b6 15.
Nd6+ Bxd6 16. cxd6 Bb7 17. Rfd1 Ne5 18. Ne1 Bxg2 19. Nxg2 Nf3+ 20. Kf1 Nxh2+
21. Ke2 Rxg2 22. Be4 Qh5+ 23. Kd3 Qb5+ 24. Qc4 Qxc4+ 25. Kxc4 0-1

[Event "10. Torneo IRT Mostoles 2019"]
[Site "Móstoles ESP"]
[Date "2019.07.20"]
[Round "3.6"]
[White "Cujba, Anca-Claudia"]
[Black "De La Fuente Gonzalez, Francisco"]
[Result "0-1"]
[WhiteElo "1620"]
[BlackElo "2196"]
[PlyCount "64"]
[EventDate "2019.07.18"]
[EventType "swiss"]
[EventRounds "9"]
[EventCountry "ESP"]
[SourceTitle "Ajedrez en Madrid"]
[Source "lmi"]
[SourceDate "2019.07.18"]
[SourceVersion "1"]
[SourceVersionDate "2019.07.28"]
[SourceQuality "1"]

1. d4 Nf6 2. Bf4 e6 3. e3 b6 4. Nf3 Bb7 5. Be2 Be7 6. h3 O-O 7. O-O c5 8. dxc5
bxc5 9. Bd6 Ne4 10. Bxe7 Qxe7 11. c4 Nc6 12. Nbd2 f5 13. Nxe4 fxe4 14. Nd2 Ne5
15. Bg4 Rf6 16. Qb3 Bc6 17. f3 exf3 18. gxf3 Raf8 19. Rad1 Nxf3+ 20. Nxf3 Bxf3
21. Rxf3 Rxf3 22. Bxf3 Rxf3 23. Qb8+ Kf7 24. Qe5 Rf5 25. Qh2 d5 26. Qe2 Qh4 27.
Rf1 Qg3+ 28. Kh1 Qxh3+ 29. Kg1 Rxf1+ 30. Qxf1+ Qxf1+ 31. Kxf1 dxc4 32. Kf2 Kf6
0-1